000 00612nam a2200229Ia 4500
003 OSt
005 20220916111024.0
006 a|||||r|||| 00| 0
007 ta
008 220915b |||||||| |||| 00| 0 eng d
024 _a121576
037 _cTextbook
040 _beng
_aARTS
_cARTS
041 _aeng
082 _aV5961:170641:N2, 122F9 (906)
100 _aVan Der Kerken G
245 0 _aNotre politique indigence au congo Belge
260 _c1929
650 _aHISTORY
942 _hV5961:170641:N2, 122F9 (906)
_cTB
_2CC
999 _c103629
_d103629